| 000 | 01551nam a22002537a 4500 | ||
|---|---|---|---|
| 999 |
_c59438 _d59438 |
||
| 003 | Ge_BSU | ||
| 005 | 20230216143904.0 | ||
| 008 | 230216s2011 ge ||||| |||| 00| 0 geo d | ||
| 041 | _ageo | ||
| 080 | _a008(479.22): 321.7 ქ-27 | ||
| 245 |
_aქართული კულტურა, სამართლის ძეგლები და დემოკრატიული ღირებულებები : _bკრებული / _cავტორ- შემდგენელი ოთარ გოგოლიშვილი, რამინ გვარიშვილი, გენადი გელაძე, ომარ ფარტენაძე; რედ. მარიკა ჩხუბაძე. |
||
| 264 |
_aბათუმი, _c2011. |
||
| 300 |
_a140 გვ.; _b21 სმ. |
||
| 440 |
_aდემოკრატიის ინსტიტუტი _916947 |
||
| 653 | _aსამართალი | ||
| 653 | _aდემოკრატიული ღირებულებები | ||
| 653 | _aსამართლის ძეგლები | ||
| 700 |
_aგოგოლიშვილი, ოთარ _eავტორი _916942 |
||
| 700 |
_aგვარიშვილი, რამინ _eავტორი _916943 |
||
| 700 |
_aგელაძე, გენადი _eავტორი _91083 |
||
| 700 |
_aფარტენაძე, ომარ _eავტორი _92270 |
||
| 700 |
_aჩხუბაძე, მარიკა _eრედაქტორი _916944 |
||
| 942 |
_2udc _cBK |
||